Estatísticas para Maiores Cidades do Maranhão

Clique aqui para jogar o quiz

Estatísticas Gerais

  • Esse quiz foi jogado 491 vezes
  • A pontuação média é 11 de 20

Respostas no mapa

Respostas codificadas por cores de uma escala verde-vermelha no mapa do quiz de acordo com a % correta abaixo.
 

Estatísticas das Respostas

PopulaçãoCidade% Correto
1.047.440São Luís
99%
245.760Imperatriz
90%
147.960Timon
67%
126.480Caxias
66%
85.060Açailândia
65%
83.570Balsas
64%
41.410São José de Ribamar
64%
84.530Codó
62%
81.580Bacabal
59%
92.780Paço do Lumiar
53%
84.760Santa Inês
53%
55.180Barra do Corda
47%
49.830Pinheiro
47%
57.820Chapadinha
42%
41.800Grajaú
42%
38.360Itapecuru Mirim
40%
45.720Coroatá
36%
40.040Buriticupu
34%
34.360Presidente Dutra
34%
41.110Coelho Neto
32%

Distribuição das Pontuações

Percentil de Números Respondidos

Porcentagem de Pessoas com Cada Pontuação

Sua Pontuação Histórica

Você não jogou esse quiz